RAPID (residential auction property investment data) (Record no. 106650)

MARC details
000 -LEADER
fixed length control field 01212cad a22002175a 4500
001 - CONTROL NUMBER
control field L137123
008 - FIXED-LENGTH DATA ELEMENTS--GENERAL INFORMATION
fixed length control field 070315s2007 xxkd f s 000 0 eng d
035 ## - SYSTEM CONTROL NUMBER
System control number (Sirsi) u137123
041 0# - LANGUAGE CODE
Language code of text/sound track or separate title eng
050 04 - LIBRARY OF CONGRESS CALL NUMBER
Classification number 380.1 $2 18
110 2# - MAIN ENTRY--CORPORATE NAME
Corporate name or jurisdiction name as entry element Essential Information Group
9 (RLIN) 4336
245 00 - TITLE STATEMENT
Title RAPID (residential auction property investment data)
Remainder of title issue 1: March 2007
Medium [electronic resource]
260 ## - PUBLICATION, DISTRIBUTION, ETC.
Place of publication, distribution, etc. Reigate
Name of publisher, distributor, etc. EIG
Date of publication, distribution, etc. 2007
520 ## - SUMMARY, ETC.
Summary, etc. Covers the increasing popularity of auctions and provides details of regional trends in assured shorthold tenancy investment. Also gives AST yields by area. Includes information that: residential auction transactions are up 132% compared with 23% for all residential sales over the same period; auction's share of the residential market has increased by 89% over the past ten years; AST yields have fallen from 17.9% in 1997 to 7.2% in 2006; and AST yields converge in all four geographic Areas to a very narrow band of 6.9% to 7.5%.
590 ## - LOCAL NOTE (RLIN)
Local note KA NTK
651 #4 - SUBJECT ADDED ENTRY--GEOGRAPHIC NAME
Geographic name United Kingdom
Chronological subdivision
690 ## - LOCAL SUBJECT ADDED ENTRY--TOPICAL TERM (OCLC, RLIN)
Topical term or geographic name as entry element Auctioneering
9 (RLIN) 6218
710 1# - ADDED ENTRY--CORPORATE NAME
Corporate name or jurisdiction name as entry element Allsop
9 (RLIN) 3151
856 40 - ELECTRONIC LOCATION AND ACCESS
Uniform Resource Identifier <a href="https://www.eigroup.co.uk/market-data/rapid/">https://www.eigroup.co.uk/market-data/rapid/</a>
Public note View the item free of charge at www.eigroup.co.uk...
942 ## - ADDED ENTRY ELEMENTS (KOHA)
Suppress in OPAC 0
Holdings
Withdrawn status Lost status Source of classification or shelving scheme Damaged status Not for loan Home library Current library Shelving location Date acquired Total Checkouts Full call number Barcode Date last seen Copy number Price effective from Koha item type
    Dewey Decimal Classification     Virtual Virtual Online 15/03/2007   ONLINE PUBLICATION 137123-1001 06/08/2019 1 06/08/2019 Book